000 00316nam a2200133 i 4500
001 bg
100 1 _aMORTIMER, Halina
245 0 _aLogika indukcji :
_bwybrane problemy /
_cH. Mortimer.
260 _aWarszawa,
_c1982.
040 _cBPK
041 _apol
942 _cKS
008 s pl f |000 0 pol
999 _c21152
_d21152
856 _uhttp://koha.tu.koszalin.pl/cgi-bin/koha/opac-detail.pl?biblionumber=21152
_yKatalog online BPK